Statystyki dla Państwa świata w 1900 roku z mapą

Kliknij tutaj aby rozwiązać quiz!

Ogólne statystyki

  • Ten quiz został rozwiązany 6 150 razy
  • Średni wynik to 46 z 80

Odpowiedzi na mapie

Odpowiedzi skodowane kolorowo w zielono-czerwonej skali na mapie do tego quizu, zgodnie z poniższymi procentami.
 

Statystyki odpowiedzi

Państwo% Poprawnych
Nowe Hebrydy
(neutralne terytorium)
98%
Rosja
98%
Francja
97%
Niemcy
97%
Stany Zjednoczone
97%
Wielka Brytania
97%
Chiny
96%
Kanada
96%
Hiszpania
95%
Meksyk
94%
Portugalia
94%
Włochy
94%
Brazylia
93%
Dania
93%
Szwecjo-Norwegia
93%
Japonia
92%
Austro-Węgry
91%
Belgia
91%
Holandia
91%
Argentyna
90%
Chile
89%
Grecja
87%
Korea
87%
Szwajcaria
86%
Persja
85%
Kolumbia
83%
Peru
83%
Bułgaria
81%
Rumunia
81%
Urugwaj
81%
Wenezuela
81%
Boliwia
79%
Imperium Osmańskie
77%
Maroko
77%
Serbia
77%
Nepal
76%
Paragwaj
75%
Ekwador
72%
Afganistan
71%
Etiopia
70%
Dominikana
69%
Haiti
65%
Wolne Państwo Kongo
65%
Bhutan
64%
Luksemburg
63%
Muscat and Oman
63%
Czarnogóra
62%
Honduras
62%
Kostaryka
60%
Nikaragua
58%
Salwador
58%
Gwatemala
57%
Liberia
45%
Syjam
41%
Andora
38%
Liechtenstein
38%
San Marino
36%
Monako
35%
Transwal
30%
Eswatini
24%
Państwo Kreteńskie
15%
Acre
5%
Aceh
4%
Tonga
4%
Wolne Państwo Orania
4%
Bali
3%
Ha'il
3%
Sokoto
3%
Ankole
2%
Aro
2%
Aszanti
2%
Aussa
2%
Champasak
2%
Geledi
2%
Jambi
2%
Johor
2%
Państwo Derwiszów
2%
Sulu
2%
Dendi
1%
Ouaddaï
1%

Rozkład punktacji

Percentyl według liczby udzielonych odpowiedzi

Procent ludzi z każdym wynikiem

Twoja historia wyników

Nie rozwiązałeś tego quizu